<?xml version="1.0" encoding="UTF-8"?>
<record
    xmlns:xsi="http://www.w3.org/2001/XMLSchema-instance"
    xsi:schemaLocation="http://www.loc.gov/MARC21/slim http://www.loc.gov/standards/marcxml/schema/MARC21slim.xsd"
    xmlns="http://www.loc.gov/MARC21/slim">

  <leader>01454nam a2200217 i 4500</leader>
  <controlfield tag="001">768714001</controlfield>
  <controlfield tag="003">CO-MdFUSB</controlfield>
  <controlfield tag="005">20221125153142.0</controlfield>
  <controlfield tag="008">220602t1984    ck  |||| |||| 00| 0 spa d</controlfield>
  <datafield tag="040" ind1=" " ind2=" ">
    <subfield code="b">spa</subfield>
    <subfield code="a">CO-MdFUSB</subfield>
    <subfield code="c">CO-MdFUSB</subfield>
    <subfield code="d">CO-MdFUSBC</subfield>
    <subfield code="e">rda</subfield>
  </datafield>
  <datafield tag="100" ind1=" " ind2=" ">
    <subfield code="a">Faulkner, William,</subfield>
    <subfield code="e">autor</subfield>
  </datafield>
  <datafield tag="245" ind1=" " ind2=" ">
    <subfield code="a">Los invictos</subfield>
    <subfield code="c">/ William Faulkner</subfield>
  </datafield>
  <datafield tag="300" ind1=" " ind2=" ">
    <subfield code="a">volumen 3, (1984) p&#xE1;ginas 500 -638</subfield>
    <subfield code="c">; 22 cm</subfield>
  </datafield>
  <datafield tag="336" ind1=" " ind2=" ">
    <subfield code="2">rdacontent</subfield>
  </datafield>
  <datafield tag="337" ind1=" " ind2=" ">
    <subfield code="2">rdamedia</subfield>
  </datafield>
  <datafield tag="338" ind1=" " ind2=" ">
    <subfield code="2">rdacarrier</subfield>
  </datafield>
  <datafield tag="520" ind1=" " ind2=" ">
    <subfield code="a">Faulkner, en obras anteriores, ha jugado poderosamente con el tiempo, deliberadamente ha barajado el orden cronol&#xF3;gico, deliberadamente multiplico los laberintos y los equ&#xED;vocos. Tanto lo hizo que no falt&#xF3; quien asegurara que derivaba toda su virtud de esas involuciones. Esta novela -directa, irresistible, straightforward- viene a desbaratar esa sospecha. Faulkner no trata de explicar a sus personajes. Nos muestra lo que sienten, lo que obran. Los hechos son extraordinarios, pero su narraci&#xF3;n es tan v&#xED;vida que no podemos concebirlos de otra manera. "Lo verdadero puede no parecer veros&#xED;mil" ha dicho Boileau. Faulkner prodiga las inverosimilitudes para parecer verdadero -y lo consigue. Mejor dicho: el mundo que imagina es tan real, que tambi&#xE9;n abarca lo inveros&#xED;mil.</subfield>
  </datafield>
  <datafield tag="653" ind1=" " ind2=" ">
    <subfield code="a">Literatura Norteamericana</subfield>
  </datafield>
  <datafield tag="773" ind1="0" ind2=" ">
    <subfield code="0">67924</subfield>
    <subfield code="9">81129</subfield>
    <subfield code="a">Oveja Negra, </subfield>
    <subfield code="o">24692</subfield>
    <subfield code="t">Maestros de la literatura universal </subfield>
    <subfield code="w">(CO-MdFUSB)768714001</subfield>
    <subfield code="z">8482806718</subfield>
  </datafield>
  <datafield tag="942" ind1=" " ind2=" ">
    <subfield code="c">BK</subfield>
  </datafield>
  <datafield tag="999" ind1=" " ind2=" ">
    <subfield code="c">67944</subfield>
    <subfield code="d">67944</subfield>
  </datafield>
</record>
